| 000 | 00725nam a2200193Ia 4500 | ||
|---|---|---|---|
| 005 | 20240530103623.0 | ||
| 008 | 140319s1996 xx 000 0 ara d | ||
| 040 |
_aGCL / _cGCL |
||
| 082 | 0 | 4 |
_a415 / _bم ع |
| 100 | 1 | _aممدوح عبدالرحمن الرمالى | |
| 245 | 1 | 0 |
_aالعربية والوظائف النحوية : _bدراسة فى إتساع النظام والاساليب / _cممدوح عبدالرحمن الرمالى |
| 250 | _aالاولى | ||
| 260 |
_aالاسكندرية : _bدار المعرفة الجامعية، _c1996 |
||
| 300 |
_a292 ص ، _b24 |
||
| 650 | 0 | 4 | _aالنحو |
| 650 | 0 | 4 | _aاللغة العربية |
| 942 |
_2ddc _cBK |
||
| 999 |
_c41228 _d41228 |
||